الحاسة السادسة : دراسة في الظواهر الخارقة / (Record no. 89874)
[ view plain ]
| 000 -الفاتح | |
|---|---|
| عناصر البيانات ثابتة الطول | 00647cam a2200193 i 4500 |
| 005 - تاريخ ووقت آخر معاملة | |
| حقل ضبط | 20251108172837.0 |
| 008 - عناصر البيانات ثابتة الطول | |
| عناصر البيانات ثابتة الطول | 250721s1990 sy gr 000 0 ara d |
| 082 14 - رقم تصنيف ديوي العشري | |
| رقم التصنيف | 133.89 |
| رقم المادة | ع م ر |
| 100 1# - مدخل رئيسي – اسم شخصي | |
| الاسم الشخصي | عمران، طالب |
| علاقة الشخص بالعمل/ دوره | مؤلف. |
| 245 10 - بيان العنوان | |
| العنوان | الحاسة السادسة : دراسة في الظواهر الخارقة / |
| بيان المسؤولية | د. طالب عمران. |
| 260 1# - بيانات النشر، التوزيع…إلخ | |
| تاريخ النشر، التوزيع...إلخ | 1990. |
| 264 31 - بيانات النشر، التوزيع…إلخ | |
| مكان النشر، التوزيع...إلخ | دمشق : |
| اسم الناشر، الموزع...إلخ | دار المعرفة، |
| تاريخ النشر، التوزيع...إلخ | 1990. |
| 300 ## - الوصف المادي | |
| عدد الوحدات المكونة للوعاء | 120صفحة. |
| 650 17 - مدخل إضافي بالموضوع - مصطلح موضوعي | |
| مصطلح موضوعي أو اسم جغرافي كعنصر مدخل | علم النفس. |
| 650 17 - مدخل إضافي بالموضوع - مصطلح موضوعي | |
| مصطلح موضوعي أو اسم جغرافي كعنصر مدخل | الظواهر الخارقة. |
| 650 17 - مدخل إضافي بالموضوع - مصطلح موضوعي | |
| مصطلح موضوعي أو اسم جغرافي كعنصر مدخل | الحاسة السادسة. |
| 942 ## - بيانات إضافية (كوها) | |
| نوع التنصيف | Dewey Decimal Classification |
| نوع المادة (كوها) | Books |
| حالة السحب | حالة الفقدان | مصدر التصنيف | حالة التلف | غير قابل للإعارة | المكتبة الرئيسية | المكتبة الحالية | موقع الرف | تاريخ التزويد | الرقم المتسلسل | Total Checkouts | رقم الإستدعاء | الباركود | تاريخ آخر ظهور | تاريخ الفاتورة | نوع المادة (كوها) |
|---|---|---|---|---|---|---|---|---|---|---|---|---|---|---|---|
| Dewey Decimal Classification | المكتبة المركزية | المكتبة المركزية | الإعارة | 28/07/2025 | 795019 | 133.89 ع م ر | 795019 | 28/07/2025 | 28/07/2025 | Books | |||||
| Dewey Decimal Classification | المكتبة المركزية | المكتبة المركزية | الإعارة | 28/07/2025 | 849798 | 133.89 / ع م ر | 849798 | 28/07/2025 | 28/07/2025 | Books | |||||
| Dewey Decimal Classification | Not For Loan | المكتبة المركزية | المكتبة المركزية | مقتنيات قسم التزويد | 28/07/2025 | 849799 | 133.89/عمر | 849799 | 28/07/2025 | 28/07/2025 | Books | ||||
| Dewey Decimal Classification | Not For Loan | المكتبة المركزية | المكتبة المركزية | مقتنيات قسم التزويد | 28/07/2025 | 849800 | 133.89/عمر | 849800 | 28/07/2025 | 28/07/2025 | Books |